Linear Transform Methods / (Record no. 182273)
[ view plain ]
| 000 -LEADER | |
|---|---|
| fixed length control field | 00770 a2200169 4500 |
| 003 - CONTROL NUMBER IDENTIFIER | |
| control field | Nust |
| 005 - DATE AND TIME OF LATEST TRANSACTION | |
| control field | 20221116120500.0 |
| 040 ## - CATALOGING SOURCE | |
| Transcribing agency | Nust |
| 082 ## - DEWEY DECIMAL CLASSIFICATION NUMBER | |
| Classification number | 512.89,JAF |
| 100 ## - MAIN ENTRY--PERSONAL NAME | |
| Personal name | Jafri,M.N |
| 9 (RLIN) | 102666 |
| 245 ## - TITLE STATEMENT | |
| Title | Linear Transform Methods / |
| Statement of responsibility, etc. | Dr M.N jafri |
| 260 ## - PUBLICATION, DISTRIBUTION, ETC. | |
| Place of publication, distribution, etc. | Islamabad |
| Name of publisher, distributor, etc. | Informatics Complex (ICCC) |
| 300 ## - PHYSICAL DESCRIPTION | |
| Extent | 214:p |
| 505 ## - FORMATTED CONTENTS NOTE | |
| Formatted contents note | Laplace Transform (Page-1), Application to Physical Systems (Page-12), The Inverse Laplace Transform (Page-25), Laplace Transform Theorems (Page-35), S- plane Analysis (Page-53), Fourier Series (Page-71), The Fourier Transforms (page-108), Application of Fourier Transforms (Page-130), Transforms (Page-171), Application of Z-Transforms(Page-195). |
| 650 ## - SUBJECT ADDED ENTRY--TOPICAL TERM | |
| Topical term or geographic name entry element | Linear Transform Methods |
| 9 (RLIN) | 102667 |
| 942 ## - ADDED ENTRY ELEMENTS (KOHA) | |
| Source of classification or shelving scheme | |
| Koha item type | Book |
| Call number prefix | 512.89,JAF |
| Withdrawn status | Lost status | Source of classification or shelving scheme | Damaged status | Not for loan | Permanent Location | Current Location | Shelving location | Date acquired | Full call number | Barcode | Date last seen | Price effective from | Koha item type | Public note |
|---|---|---|---|---|---|---|---|---|---|---|---|---|---|---|
| Military College of Signals (MCS) | Military College of Signals (MCS) | General Stacks | 12/12/2016 | 512.89,JAF | MCS28853 | 12/08/2016 | 12/12/2016 | Book | Almirah No.11, Shelf No.4 | |||||
| Military College of Signals (MCS) | Military College of Signals (MCS) | General Stacks | 12/12/2016 | 512.89,JAF | MCS28862 | 12/08/2016 | 12/12/2016 | Book | Almirah No.11, Shelf No.4 |
